[Event "DVM U20 2023"]
[Site "Magdeburg GER"]
[Date "2023.12.29"]
[Round "6"]
[White "Mimkes, Antal"]
[Black "Baranyai-Molnar, Adam-Kristof"]
[Result "0-1"]
[Termination "normal"]
[Board "4.2"]
[WhiteElo "1823"]
[BlackElo "1965"]
[WhiteClock "00:11:26"]
[BlackClock "00:48:27"]
[WhiteTeam "KSV Rochade Göttingen (Veltheim)"]
[BlackTeam "SF Neuberg"]
[PlyCount "70"]
[WhiteFideId "16265963"]
[BlackFideId "768022"]
[EventCountry "GER"]
[EventRounds "7"]
[EventType "team-swiss"]
[EventDate "2023.12.26"]

1. e4 {[%clk 01:30:31]} {[%emt 00:00:28]} c5 {[%clk 01:30:56]} {[%emt
00:00:04]} 2. Nf3 {[%clk 01:30:46]} {[%emt 00:00:16]} e6 {[%clk 01:31:22]}
{[%emt 00:00:03]} 3. a4 {[%clk 01:30:57]} {[%emt 00:00:20]} d5 {[%clk
01:31:14]} {[%emt 00:00:38]} 4. exd5 {[%clk 01:31:05]} {[%emt 00:00:23]} exd5
{[%clk 01:31:19]} {[%emt 00:00:25]} 5. Bb5+ {[%clk 01:30:39]} {[%emt 00:00:55]}
Nc6 {[%clk 01:31:40]} {[%emt 00:00:09]} 6. Ne5 {[%clk 01:27:50]} {[%emt
00:03:19]} Bd7 {[%clk 01:31:18]} {[%emt 00:00:52]} 7. Nxd7 {[%clk 01:27:09]}
{[%emt 00:01:11]} Qxd7 {[%clk 01:31:43]} {[%emt 00:00:05]} 8. d4 {[%clk
01:26:30]} {[%emt 00:01:08]} Bd6 {[%clk 01:28:57]} {[%emt 00:03:16]} 9. O-O
{[%clk 01:23:27]} {[%emt 00:03:33]} Nge7 {[%clk 01:29:18]} {[%emt 00:00:10]}
10. c4 {[%clk 01:13:36]} {[%emt 00:10:21]} cxd4 {[%clk 01:25:51]} {[%emt
00:03:57]} 11. cxd5 {[%clk 01:09:57]} {[%emt 00:04:10]} Nxd5 {[%clk 01:26:14]}
{[%emt 00:00:07]} 12. Bxc6 {[%clk 01:06:14]} {[%emt 00:04:12]} bxc6 {[%clk
01:26:38]} {[%emt 00:00:06]} 13. Qxd4 {[%clk 01:04:28]} {[%emt 00:02:17]} O-O
{[%clk 01:27:02]} {[%emt 00:00:06]} 14. Rd1 {[%clk 01:01:16]} {[%emt 00:03:42]}
Qc7 {[%clk 01:26:59]} {[%emt 00:00:32]} 15. Qh4 {[%clk 00:52:27]} {[%emt
00:09:19]} Rfe8 {[%clk 01:24:44]} {[%emt 00:02:45]} 16. Nc3 {[%clk 00:49:28]}
{[%emt 00:03:29]} Nxc3 {[%clk 01:24:39]} {[%emt 00:00:35]} 17. bxc3 {[%clk
00:49:39]} {[%emt 00:00:20]} Be5 {[%clk 01:24:53]} {[%emt 00:00:15]} 18. Qh3
{[%clk 00:44:07]} {[%emt 00:06:03]} Rab8 {[%clk 01:22:52]} {[%emt 00:02:31]}
19. Bg5 {[%clk 00:35:18]} {[%emt 00:09:19]} Qa5 {[%clk 01:18:03]} {[%emt
00:05:16]} 20. Rd7 {[%clk 00:24:00]} {[%emt 00:11:51]} Bxc3 {[%clk 01:11:08]}
{[%emt 00:07:25]} 21. Rad1 {[%clk 00:22:32]} {[%emt 00:01:59]} Bd4 {[%clk
01:06:07]} {[%emt 00:05:30]} 22. Be3 {[%clk 00:20:26]} {[%emt 00:02:37]} Bxe3
{[%clk 01:05:57]} {[%emt 00:00:39]} 23. fxe3 {[%clk 00:20:55]} {[%emt
00:00:01]} Qxa4 {[%clk 01:05:05]} {[%emt 00:01:22]} 24. Qf5 {[%clk 00:18:50]}
{[%emt 00:02:36]} Qb3 {[%clk 01:05:07]} {[%emt 00:00:27]} 25. e4 {[%clk
00:18:54]} {[%emt 00:00:26]} Rb7 {[%clk 00:58:46]} {[%emt 00:06:51]} 26. R7d6
{[%clk 00:16:44]} {[%emt 00:02:40]} Rbe7 {[%clk 00:57:32]} {[%emt 00:01:45]}
27. h3 {[%clk 00:12:44]} {[%emt 00:04:30]} g6 {[%clk 00:54:22]} {[%emt
00:03:39]} 28. Qf2 {[%clk 00:12:52]} {[%emt 00:00:22]} a5 {[%clk 00:51:30]}
{[%emt 00:03:22]} 29. Qc5 {[%clk 00:12:26]} {[%emt 00:00:57]} a4 {[%clk
00:51:11]} {[%emt 00:00:48]} 30. Qxc6 {[%clk 00:12:07]} {[%emt 00:00:50]} Rxe4
{[%clk 00:49:21]} {[%emt 00:02:18]} 31. Qc1 {[%clk 00:11:35]} {[%emt 00:01:04]}
Re2 {[%clk 00:48:53]} {[%emt 00:00:58]} 32. R6d3 {[%clk 00:11:18]} {[%emt
00:00:46]} Qb6+ {[%clk 00:48:29]} {[%emt 00:00:53]} 33. Kh2 {[%clk 00:11:03]}
{[%emt 00:00:46]} Qf2 {[%clk 00:48:04]} {[%emt 00:00:55]} 34. Qc6 {[%clk
00:10:57]} {[%emt 00:00:36]} Qf4+ {[%clk 00:48:12]} {[%emt 00:00:21]} 35. Rg3
{[%clk 00:11:26]} {[%emt 00:00:02]} R2e3 {[%clk 00:48:27]} {[%emt 00:00:16]}
0-1

[Event "DVM U20 2023"]
[Site "Magdeburg GER"]
[Date "2023.12.29"]
[Round "6"]
[White "Eull, Emil"]
[Black "Mimkes, Pavel"]
[Result "0-1"]
[Termination "normal"]
[Board "4.3"]
[WhiteElo "2077"]
[BlackElo "1760"]
[WhiteClock "00:18:38"]
[BlackClock "00:06:31"]
[WhiteTeam "SF Neuberg"]
[BlackTeam "KSV Rochade Göttingen (Veltheim)"]
[PlyCount "103"]
[WhiteFideId "16253809"]
[BlackFideId "12990833"]
[EventCountry "GER"]
[EventRounds "7"]
[EventType "team-swiss"]
[EventDate "2023.12.26"]

1. e4 {[%clk 01:30:56]} {[%emt 00:00:03]} c5 {[%clk 01:30:27]} {[%emt
00:00:34]} 2. Nf3 {[%clk 01:31:18]} {[%emt 00:00:07]} d6 {[%clk 01:30:48]}
{[%emt 00:00:09]} 3. c3 {[%clk 01:31:31]} {[%emt 00:00:17]} Nf6 {[%clk
01:30:09]} {[%emt 00:01:09]} 4. Be2 {[%clk 01:30:09]} {[%emt 00:01:50]} Nc6
{[%clk 01:29:35]} {[%emt 00:01:05]} 5. d4 {[%clk 01:30:32]} {[%emt 00:00:07]}
cxd4 {[%clk 01:22:17]} {[%emt 00:07:48]} 6. cxd4 {[%clk 01:29:57]} {[%emt
00:01:04]} d5 {[%clk 01:20:15]} {[%emt 00:02:33]} 7. e5 {[%clk 01:30:17]}
{[%emt 00:00:10]} Ne4 {[%clk 01:19:55]} {[%emt 00:00:50]} 8. h3 {[%clk
01:26:44]} {[%emt 00:04:02]} Qa5+ {[%clk 01:17:03]} {[%emt 00:03:23]} 9. Nc3
{[%clk 01:22:42]} {[%emt 00:04:32]} Bf5 {[%clk 01:05:59]} {[%emt 00:11:36]} 10.
Bd2 {[%clk 01:12:06]} {[%emt 00:11:06]} Nxd2 {[%clk 01:05:50]} {[%emt
00:00:39]} 11. Qxd2 {[%clk 01:12:33]} {[%emt 00:00:02]} e6 {[%clk 01:02:37]}
{[%emt 00:03:43]} 12. Nh4 {[%clk 01:11:42]} {[%emt 00:01:21]} Bg6 {[%clk
01:02:22]} {[%emt 00:00:45]} 13. O-O {[%clk 01:11:00]} {[%emt 00:01:12]} Be7
{[%clk 01:01:42]} {[%emt 00:01:10]} 14. Nxg6 {[%clk 01:11:20]} {[%emt
00:00:10]} hxg6 {[%clk 01:02:05]} {[%emt 00:00:08]} 15. a3 {[%clk 01:06:18]}
{[%emt 00:05:32]} a6 {[%clk 00:53:44]} {[%emt 00:08:51]} 16. b4 {[%clk
00:58:50]} {[%emt 00:07:58]} Qb6 {[%clk 00:50:21]} {[%emt 00:03:52]} 17. Rfd1
{[%clk 00:58:24]} {[%emt 00:00:55]} Rh4 {[%clk 00:49:34]} {[%emt 00:01:18]} 18.
Bg4 {[%clk 00:56:42]} {[%emt 00:02:12]} Nb8 {[%clk 00:36:47]} {[%emt 00:13:18]}
19. Rac1 {[%clk 00:52:05]} {[%emt 00:05:07]} Nd7 {[%clk 00:35:14]} {[%emt
00:02:03]} 20. Qc2 {[%clk 00:38:38]} {[%emt 00:13:57]} Bg5 {[%clk 00:25:04]}
{[%emt 00:10:39]} 21. Rb1 {[%clk 00:36:51]} {[%emt 00:02:16]} Rc8 {[%clk
00:24:41]} {[%emt 00:00:55]} 22. Rd3 {[%clk 00:33:34]} {[%emt 00:03:46]} Rc4
{[%clk 00:23:06]} {[%emt 00:02:05]} 23. Qd1 {[%clk 00:24:23]} {[%emt 00:09:42]}
Qc7 {[%clk 00:21:13]} {[%emt 00:02:24]} 24. Ne2 {[%clk 00:19:00]} {[%emt
00:05:53]} b5 {[%clk 00:20:47]} {[%emt 00:00:54]} 25. f4 {[%clk 00:17:24]}
{[%emt 00:02:06]} Be7 {[%clk 00:20:37]} {[%emt 00:00:41]} 26. Rc1 {[%clk
00:15:05]} {[%emt 00:02:50]} Nb6 {[%clk 00:19:35]} {[%emt 00:01:32]} 27. Rdc3
{[%clk 00:13:43]} {[%emt 00:01:52]} Kd7 {[%clk 00:19:00]} {[%emt 00:01:04]} 28.
Rxc4 {[%clk 00:09:15]} {[%emt 00:04:58]} Nxc4 {[%clk 00:17:34]} {[%emt
00:01:57]} 29. a4 {[%clk 00:06:44]} {[%emt 00:03:01]} Rh8 {[%clk 00:16:01]}
{[%emt 00:02:03]} 30. axb5 {[%clk 00:05:26]} {[%emt 00:01:48]} axb5 {[%clk
00:16:25]} {[%emt 00:00:06]} 31. Ra1 {[%clk 00:05:24]} {[%emt 00:00:32]} Qb7
{[%clk 00:15:05]} {[%emt 00:01:50]} 32. Nc3 {[%clk 00:03:35]} {[%emt 00:02:19]}
Bxb4 {[%clk 00:13:29]} {[%emt 00:02:06]} 33. Nxd5 {[%clk 00:03:11]} {[%emt
00:00:53]} Bd2 {[%clk 00:08:12]} {[%emt 00:05:48]} 34. Ra2 {[%clk 00:02:04]}
{[%emt 00:01:37]} Qxd5 {[%clk 00:07:08]} {[%emt 00:01:33]} 35. Ra7+ {[%clk
00:02:33]} Kc8 {[%clk 00:05:45]} {[%emt 00:01:54]} 36. Qa1 {[%clk 00:01:37]}
{[%emt 00:01:27]} Kb8 {[%clk 00:03:49]} {[%emt 00:02:26]} 37. Bf3 {[%clk
00:01:17]} {[%emt 00:00:49]} Be3+ {[%clk 00:04:14]} {[%emt 00:00:05]} 38. Kh2
{[%clk 00:00:59]} {[%emt 00:00:49]} Bxf4+ {[%clk 00:04:29]} {[%emt 00:00:14]}
39. Kg1 {[%clk 00:01:28]} Be3+ {[%clk 00:04:34]} {[%emt 00:00:27]} 40. Kh2
{[%clk 00:01:56]} {[%emt 00:00:01]} Bf4+ {[%clk 00:03:15]} {[%emt 00:01:49]}
41. Kg1 {[%clk 00:28:23]} {[%emt 00:04:02]} Be3+ {[%clk 00:07:05]} {[%emt
00:26:41]} 42. Kh2 {[%clk 00:28:38]} {[%emt 00:00:13]} Bxd4 {[%clk 00:07:18]}
{[%emt 00:00:18]} 43. Ra8+ {[%clk 00:27:22]} {[%emt 00:01:46]} Kc7 {[%clk
00:07:28]} {[%emt 00:00:21]} 44. Ra7+ {[%clk 00:24:46]} {[%emt 00:03:05]} Kd8
{[%clk 00:07:35]} {[%emt 00:00:24]} 45. Ra8+ {[%clk 00:22:26]} {[%emt
00:02:49]} Ke7 {[%clk 00:07:57]} {[%emt 00:00:07]} 46. Ra7+ {[%clk 00:20:22]}
{[%emt 00:02:34]} Kd8 {[%clk 00:08:24]} {[%emt 00:00:04]} 47. Ra8+ {[%clk
00:20:34]} {[%emt 00:00:19]} Ke7 {[%clk 00:08:51]} {[%emt 00:00:02]} 48. Ra7+
{[%clk 00:20:58]} {[%emt 00:00:06]} Bxa7 {[%clk 00:08:38]} {[%emt 00:00:43]}
49. Bxd5 {[%clk 00:21:26]} {[%emt 00:00:02]} exd5 {[%clk 00:05:39]} {[%emt
00:03:28]} 50. Qxa7+ {[%clk 00:18:47]} {[%emt 00:03:09]} Ke6 {[%clk 00:06:07]}
{[%emt 00:00:04]} 51. Qa6+ {[%clk 00:18:17]} {[%emt 00:00:59]} Kxe5 {[%clk
00:06:31]} {[%emt 00:00:06]} 52. Qxb5 {[%clk 00:18:38]} {[%emt 00:00:08]} *

[Event "DVM U20 2023"]
[Site "Magdeburg GER"]
[Date "2023.12.29"]
[Round "6"]
[White "Nizamova, Rita"]
[Black "Buchinger, Alexis"]
[Result "0-1"]
[Termination "normal"]
[Board "4.4"]
[WhiteElo "1794"]
[BlackElo "1823"]
[WhiteClock "00:23:52"]
[BlackClock "00:20:10"]
[WhiteTeam "KSV Rochade Göttingen (Veltheim)"]
[BlackTeam "SF Neuberg"]
[PlyCount "94"]
[WhiteFideId "16221940"]
[BlackFideId "16287134"]
[EventCountry "GER"]
[EventRounds "7"]
[EventType "team-swiss"]
[EventDate "2023.12.26"]

1. e4 {[%clk 01:30:59]} {[%emt 00:00:02]} e5 {[%clk 01:30:51]} {[%emt
00:00:09]} 2. Nc3 {[%clk 01:31:25]} {[%emt 00:00:04]} Nf6 {[%clk 01:31:18]}
{[%emt 00:00:03]} 3. g3 {[%clk 01:31:50]} {[%emt 00:00:06]} Bc5 {[%clk
01:31:08]} {[%emt 00:00:39]} 4. Bg2 {[%clk 01:31:59]} {[%emt 00:00:22]} d6
{[%clk 01:30:46]} {[%emt 00:00:50]} 5. Nge2 {[%clk 01:32:22]} {[%emt 00:00:07]}
a6 {[%clk 01:29:18]} {[%emt 00:01:59]} 6. O-O {[%clk 01:32:46]} {[%emt
00:00:06]} Nc6 {[%clk 01:29:17]} {[%emt 00:00:31]} 7. h3 {[%clk 01:32:47]}
{[%emt 00:00:29]} Be6 {[%clk 01:26:18]} {[%emt 00:03:28]} 8. Kh2 {[%clk
01:33:12]} {[%emt 00:00:07]} h5 {[%clk 01:25:19]} {[%emt 00:01:28]} 9. d3
{[%clk 01:27:12]} {[%emt 00:06:30]} h4 {[%clk 01:24:57]} {[%emt 00:00:51]} 10.
g4 {[%clk 01:23:16]} {[%emt 00:04:28]} Bxg4 {[%clk 01:14:46]} {[%emt 00:10:41]}
11. hxg4 {[%clk 01:13:22]} {[%emt 00:10:23]} Nxg4+ {[%clk 01:14:47]} {[%emt
00:00:29]} 12. Kh1 {[%clk 00:56:25]} {[%emt 00:17:27]} h3 {[%clk 01:12:03]}
{[%emt 00:03:15]} 13. Bf3 {[%clk 00:55:33]} {[%emt 00:01:22]} Nxf2+ {[%clk
01:10:34]} {[%emt 00:01:58]} 14. Rxf2 {[%clk 00:55:58]} {[%emt 00:00:05]} Bxf2
{[%clk 01:10:51]} {[%emt 00:00:12]} 15. Nd5 {[%clk 00:52:42]} {[%emt 00:03:47]}
Ne7 {[%clk 00:42:35]} {[%emt 00:28:44]} 16. Bg5 {[%clk 00:43:11]} {[%emt
00:10:02]} Bh4 {[%clk 00:38:48]} {[%emt 00:04:17]} 17. Bxh4 {[%clk 00:42:37]}
{[%emt 00:01:05]} Rxh4 {[%clk 00:38:59]} {[%emt 00:00:18]} 18. Ne3 {[%clk
00:41:41]} {[%emt 00:01:26]} g6 {[%clk 00:32:28]} {[%emt 00:07:01]} 19. Qe1
{[%clk 00:37:11]} {[%emt 00:05:00]} Ng8 {[%clk 00:28:08]} {[%emt 00:04:51]} 20.
Qg3 {[%clk 00:36:10]} {[%emt 00:01:31]} Rh8 {[%clk 00:25:54]} {[%emt 00:02:44]}
21. Bg4 {[%clk 00:32:02]} {[%emt 00:04:38]} Qh4 {[%clk 00:23:43]} {[%emt
00:02:41]} 22. Nd5 {[%clk 00:23:54]} {[%emt 00:08:39]} Qxg3 23. Nxg3 {[%clk
00:24:22]} Kd8 {[%clk 00:21:28]} {[%emt 00:00:51]} 24. Rf1 {[%clk 00:23:29]}
{[%emt 00:01:24]} Nh6 {[%clk 00:20:12]} {[%emt 00:01:46]} 25. Bxh3 {[%clk
00:19:07]} {[%emt 00:04:52]} c6 {[%clk 00:19:34]} {[%emt 00:01:07]} 26. Nb6
{[%clk 00:17:32]} {[%emt 00:02:05]} Rb8 {[%clk 00:16:23]} {[%emt 00:03:40]} 27.
Kg2 {[%clk 00:16:47]} {[%emt 00:01:16]} Kc7 {[%clk 00:16:18]} {[%emt 00:00:34]}
28. Nc4 {[%clk 00:15:53]} {[%emt 00:01:24]} b5 {[%clk 00:15:58]} {[%emt
00:00:49]} 29. Ne3 {[%clk 00:14:50]} {[%emt 00:01:33]} Rh7 {[%clk 00:14:11]}
{[%emt 00:02:17]} 30. b3 {[%clk 00:11:51]} {[%emt 00:03:30]} Rbh8 {[%clk
00:12:40]} {[%emt 00:01:59]} 31. Rf3 {[%clk 00:07:01]} {[%emt 00:05:21]} Kd8
{[%clk 00:11:26]} {[%emt 00:01:44]} 32. c4 {[%clk 00:06:17]} {[%emt 00:01:14]}
Ke7 {[%clk 00:09:35]} {[%emt 00:02:20]} 33. Nc2 {[%clk 00:04:50]} {[%emt
00:01:57]} Rb8 {[%clk 00:04:08]} {[%emt 00:05:56]} 34. Nf1 {[%clk 00:03:43]}
{[%emt 00:01:38]} bxc4 {[%clk 00:03:03]} {[%emt 00:01:36]} 35. dxc4 {[%clk
00:04:12]} Ng8 {[%clk 00:02:29]} {[%emt 00:01:04]} 36. Nfe3 {[%clk 00:04:00]}
{[%emt 00:00:42]} Nf6 {[%clk 00:02:06]} {[%emt 00:00:52]} 37. c5 {[%clk
00:03:39]} {[%emt 00:00:52]} Nxe4 {[%clk 00:01:41]} {[%emt 00:00:55]} 38. cxd6+
{[%clk 00:04:08]} {[%emt 00:00:01]} Nxd6 {[%clk 00:01:21]} {[%emt 00:00:50]}
39. Ng4 {[%clk 00:03:35]} {[%emt 00:01:04]} e4 {[%clk 00:01:13]} {[%emt
00:00:37]} 40. Re3 {[%clk 00:03:37]} {[%emt 00:00:27]} f5 {[%clk 00:01:06]}
{[%emt 00:00:36]} 41. Ne5 {[%clk 00:02:11]} {[%emt 00:01:57]} Kf6 {[%clk
00:29:42]} {[%emt 00:01:55]} 42. Nxc6 {[%clk 00:31:18]} {[%emt 00:01:22]} Rbh8
{[%clk 00:28:28]} {[%emt 00:01:43]} 43. N2b4 {[%clk 00:23:08]} {[%emt
00:08:42]} f4 {[%clk 00:23:30]} {[%emt 00:05:28]} 44. Nd5+ {[%clk 00:23:30]}
{[%emt 00:00:10]} Kg5 {[%clk 00:23:52]} {[%emt 00:00:06]} 45. Nxf4 {[%clk
00:23:29]} {[%emt 00:00:32]} Kxf4 {[%clk 00:24:17]} {[%emt 00:00:04]} 46. Rg3
{[%clk 00:23:24]} {[%emt 00:00:35]} Nf5 {[%clk 00:20:12]} {[%emt 00:04:36]} 47.
Rc3 {[%clk 00:23:52]} {[%emt 00:00:02]} Ne3+ {[%clk 00:20:10]} {[%emt
00:00:32]} 0-1

[Event "DVM U20 2023"]
[Site "Magdeburg GER"]
[Date "2023.12.29"]
[Round "6"]
[White "Kolzenburg, Jan Niklas"]
[Black "Tulchynsky, David"]
[Result "0-1"]
[Termination "normal"]
[Board "4.5"]
[WhiteElo "1621"]
[BlackElo "1748"]
[WhiteClock "00:00:33"]
[BlackClock "00:25:25"]
[WhiteTeam "SF Neuberg"]
[BlackTeam "KSV Rochade Göttingen (Veltheim)"]
[PlyCount "66"]
[WhiteFideId "16274830"]
[BlackFideId "16289560"]
[EventCountry "GER"]
[EventRounds "7"]
[EventType "team-swiss"]
[EventDate "2023.12.26"]

1. e4 {[%clk 01:30:58]} {[%emt 00:00:02]} c5 {[%clk 01:30:53]} {[%emt
00:00:06]} 2. d3 {[%clk 01:30:57]} {[%emt 00:00:32]} d6 {[%clk 01:31:15]}
{[%emt 00:00:08]} 3. f4 {[%clk 01:31:14]} {[%emt 00:00:15]} g6 {[%clk
01:31:41]} {[%emt 00:00:04]} 4. Nf3 {[%emt 00:00:13]} Bg7 {[%clk 01:32:07]} 5.
c3 {[%clk 01:31:39]} {[%emt 00:00:25]} Nc6 {[%clk 01:31:48]} {[%emt 00:00:49]}
6. Be2 {[%clk 01:31:39]} {[%emt 00:00:30]} a6 {[%clk 01:31:27]} {[%emt
00:00:50]} 7. Be3 {[%clk 01:31:02]} {[%emt 00:01:08]} e6 {[%clk 01:28:32]}
{[%emt 00:03:25]} 8. O-O {[%clk 01:31:11]} {[%emt 00:00:20]} Nge7 {[%clk
01:28:57]} {[%emt 00:00:06]} 9. Bf2 {[%clk 01:20:40]} {[%emt 00:11:01]} Bd7
{[%clk 01:21:02]} {[%emt 00:08:26]} 10. Qd2 {[%clk 01:15:48]} {[%emt 00:05:21]}
b6 {[%clk 01:06:17]} {[%emt 00:15:16]} 11. Na3 {[%clk 01:11:21]} {[%emt
00:04:58]} d5 {[%clk 01:03:03]} {[%emt 00:03:44]} 12. Nc2 {[%clk 01:09:04]}
{[%emt 00:02:46]} O-O {[%clk 01:01:49]} {[%emt 00:01:44]} 13. e5 {[%clk
01:05:01]} {[%emt 00:04:34]} h5 {[%clk 01:00:39]} {[%emt 00:01:39]} 14. h3
{[%clk 01:00:28]} {[%emt 00:05:04]} Qc7 {[%clk 00:54:24]} {[%emt 00:06:44]} 15.
d4 {[%clk 00:56:50]} {[%emt 00:04:09]} cxd4 {[%clk 00:54:35]} {[%emt 00:00:18]}
16. Nfxd4 {[%clk 00:53:47]} {[%emt 00:03:33]} Nxd4 {[%clk 00:54:02]} {[%emt
00:01:03]} 17. Nxd4 {[%clk 00:54:01]} {[%emt 00:00:16]} Nc6 {[%clk 00:53:41]}
{[%emt 00:00:50]} 18. Nf3 {[%clk 00:53:09]} {[%emt 00:01:23]} Na5 {[%clk
00:47:04]} {[%emt 00:07:07]} 19. Qc2 {[%clk 00:44:01]} {[%emt 00:09:38]} b5
{[%clk 00:47:00]} {[%emt 00:00:34]} 20. Ng5 {[%clk 00:41:42]} {[%emt 00:02:48]}
Rfc8 {[%clk 00:46:01]} {[%emt 00:01:28]} 21. b4 {[%clk 00:20:48]} {[%emt
00:21:26]} Nc4 {[%clk 00:37:06]} {[%emt 00:09:23]} 22. Bc5 {[%clk 00:12:09]}
{[%emt 00:09:10]} a5 {[%clk 00:37:21]} {[%emt 00:00:15]} 23. Bxh5 {[%clk
00:04:30]} {[%emt 00:08:08]} axb4 {[%clk 00:32:47]} {[%emt 00:05:04]} 24. Bxb4
{[%clk 00:00:42]} {[%emt 00:04:19]} Ne3 {[%clk 00:32:45]} {[%emt 00:00:30]} 25.
Qd3 {[%clk 00:01:04]} {[%emt 00:00:09]} Nxf1 {[%clk 00:33:03]} {[%emt
00:00:13]} 26. Bxg6 {[%clk 00:01:14]} {[%emt 00:00:19]} Qb6+ {[%clk 00:27:57]}
{[%emt 00:05:36]} 27. Kh1 {[%clk 00:01:29]} {[%emt 00:00:16]} Ng3+ {[%clk
00:27:58]} {[%emt 00:00:29]} 28. Kh2 {[%clk 00:01:50]} {[%emt 00:00:09]} Nf5
{[%clk 00:27:10]} {[%emt 00:01:16]} 29. Bxf7+ {[%clk 00:01:08]} {[%emt
00:01:13]} Kh8 {[%clk 00:27:37]} {[%emt 00:00:04]} 30. Qf3 {[%clk 00:00:40]}
{[%emt 00:00:58]} Qe3 {[%clk 00:26:47]} {[%emt 00:01:20]} 31. Qh5+ {[%clk
00:00:43]} {[%emt 00:00:26]} Bh6 {[%clk 00:24:57]} {[%emt 00:02:20]} 32. Qg6
{[%clk 00:00:35]} {[%emt 00:00:38]} Qxf4+ {[%clk 00:25:24]} {[%emt 00:00:04]}
33. Kg1 {[%clk 00:00:33]} {[%emt 00:00:31]} Qxg5 {[%clk 00:25:25]} {[%emt
00:00:29]} 0-1